书目信息 |
| 题名: |
生态道路与建筑美学
|
|
| 作者: | 何秄偞 著 | |
| 分册: | ||
| 出版信息: | 北京 化学工业出版社 2016 |
|
| 页数: | 146页 | |
| 开本: | 24cm | |
| 丛书名: | ||
| 单 册: | ||
| 中图分类: | U41-05 | |
| 科图分类: | ||
| 主题词: | 道路工程--建筑美学 | |
| 电子资源: | ||
| ISBN: | 978-7-122-25808-3 | |
| 000 | 01007nam0 2200229 450 | |
| 001 | 3429 | |
| 005 | 20160926092932.28 | |
| 010 | @a978-7-122-25808-3@b平装@dCNY46.00 | |
| 100 | @a20160517d2016 em y0chiy50 ea | |
| 101 | 0 | @achi |
| 102 | @aCN@b110000 | |
| 105 | @aa z 000yy | |
| 200 | 1 | @a生态道路与建筑美学@9sheng tai dao lu yu jian zhu mei xue@f何秄偞[等]著 |
| 210 | @a北京@c化学工业出版社@d2016 | |
| 215 | @a146页@c图@d24cm | |
| 304 | @a著者还有:何晓鸣、陆蓉、王富 | |
| 330 | @a本书以武汉市机场第二通道快速干道和京港澳高速公路军山长江大桥景观设计为案例,建立起道路建筑美学设计概念,进行了道路桥梁景观的分类,定义了道路建筑美学内涵,提出了道路建筑美学与原生态环境和谐的设计原则和方法,提出了生态道路的设计思想,完善了道路建筑美学设计的生态学措施和可持续发展的道路建筑美学设计方案,建立起科学的道路建筑美学与环境和谐的评价体系。 | |
| 606 | 0 | @a道路工程@x建筑美学 |
| 690 | @aU41-05@v5 | |
| 701 | 0 | @a何秄偞@9he zi xie@4著 |
| 801 | 0 | @aCN@b唐山师范学院图书馆@c20151001 |
| 905 | @aZUCC@dU41-05@e315 | |
| 生态道路与建筑美学/何秄偞[等]著.-北京:化学工业出版社,2016 |
| 146页:图;24cm |
| ISBN 978-7-122-25808-3(平装):CNY46.00 |
| 本书以武汉市机场第二通道快速干道和京港澳高速公路军山长江大桥景观设计为案例,建立起道路建筑美学设计概念,进行了道路桥梁景观的分类,定义了道路建筑美学内涵,提出了道路建筑美学与原生态环境和谐的设计原则和方法,提出了生态道路的设计思想,完善了道路建筑美学设计的生态学措施和可持续发展的道路建筑美学设计方案,建立起科学的道路建筑美学与环境和谐的评价体系。 |
| ● |
| 相关链接 |
|
|
|
|
正题名:生态道路与建筑美学
索取号:U41-05/315
 
预约/预借
| 序号 | 登录号 | 条形码 | 馆藏地/架位号 | 状态 | 备注 |
| 1 | 905146 | 209051461 | 第二样本阅览室/ [索取号:U41-05/315] | 在馆 | |
| 2 | 905147 | 209051470 | 第三借阅区/ [索取号:U41-05/315] | 在馆 | |
| 3 | 905148 | 209051489 | 第三借阅区/ [索取号:U41-05/315] | 在馆 |